The small buildings structural guidance (Record no. 110908)

MARC details
000 -LEADER
fixed length control field 01363cad a22002175a 4500
001 - CONTROL NUMBER
control field E150559
008 - FIXED-LENGTH DATA ELEMENTS--GENERAL INFORMATION
fixed length control field 100727s2010 xxk f 000 0 eng d
035 ## - SYSTEM CONTROL NUMBER
System control number (Sirsi) u150559
041 0# - LANGUAGE CODE
Language code of text/sound track or separate title eng
110 2# - MAIN ENTRY--CORPORATE NAME
Corporate name or jurisdiction name as entry element Scotland
Subordinate unit Scottish Government
9 (RLIN) 5344
245 04 - TITLE STATEMENT
Title The small buildings structural guidance
Medium [electronic resource]
260 ## - PUBLICATION, DISTRIBUTION, ETC.
Place of publication, distribution, etc. [S.l.]
Name of publisher, distributor, etc. Scottish Government
Date of publication, distribution, etc. 2010
505 2# - FORMATTED CONTENTS NOTE
Formatted contents note General -- Stability -- Foundations -- Masonry walls -- Timber frame walls -- Timber floors and roof members
520 ## - SUMMARY, ETC.
Summary, etc. Replaces the Small Buildings Guide (2nd edition 1994) and provides structural guidance to designers of small domestic buildings. The guidance is divided into six annexes: general; stability; foundations; masonry walls; timber frame walls; timber floors and roofs. The structures covered by this guidance are restricted in terms of construction type, size and subsoil conditions to those commonly occurring in Scotland. Following this guidance will help designers meet standard 1.1.
520 ## - SUMMARY, ETC.
Summary, etc. Supersedes Small Buildings Guide 2nd edition (ISBN 0114952469).
590 ## - LOCAL NOTE (RLIN)
Local note KA
651 #4 - SUBJECT ADDED ENTRY--GEOGRAPHIC NAME
Geographic name Scotland
Chronological subdivision 1999-
690 ## - LOCAL SUBJECT ADDED ENTRY--TOPICAL TERM (OCLC, RLIN)
Topical term or geographic name as entry element Building regulations
9 (RLIN) 6224
856 40 - ELECTRONIC LOCATION AND ACCESS
Uniform Resource Identifier <a href="https://www.scotland.gov.uk/Topics/Built-Environment/Building/Building-standards/publications/pubtech/techsbsg/">https://www.scotland.gov.uk/Topics/Built-Environment/Building/Building-standards/publications/pubtech/techsbsg/</a>
Public note View the guidance free of charge at www.scotland.gov.uk
942 ## - ADDED ENTRY ELEMENTS (KOHA)
Suppress in OPAC 0
Holdings
Withdrawn status Lost status Source of classification or shelving scheme Damaged status Not for loan Home library Current library Shelving location Date acquired Total Checkouts Full call number Barcode Date last seen Copy number Price effective from Koha item type
    Dewey Decimal Classification     Virtual Virtual Online 27/07/2010   ONLINE PUBLICATION 150559-2001 06/08/2019 1 06/08/2019 Book